Najludniejsze państwa w 2006 roku - Statystyki

Ogólne statystyki
  • Ten quiz został rozwiązany 21 razy
  • Średni wynik to 8 z 10
Statystyki odpowiedzi
Dzisiejsze ranga
pod względem
liczby ludności
Liczba ludności
w 2006
Państwo % Poprawnych
2 1 314 480 000 Chiny
100%
3 298 444 215 Stany Zjednoczone
100%
7 188 078 227 Brazylia
95%
1 1 095 351 995 Indie
95%
9 142 893 540 Rosja
95%
11 127 463 611 Japonia
89%
6 131 859 731 Nigeria
79%
5 165 803 560 Pakistan
68%
8 147 365 352 Bangladesz
63%
4 245 452 739 Indonezja
63%
Nie znaleziono quizów pasujących do podanych kryteriów
Rozkład punktacji
Procent ludzi z każdym wynikiem
Percentyl według liczby udzielonych odpowiedzi
Twoja historia wyników
Nie rozwiązałeś tego quizu